000 00675nam a2200289Ia 4500
005 20260324140044.0
008 008 260324s9999 xx 000 0 eng d
020 _a9780203979860
037 _aEBOOK
040 _aCRL
040 _beng
040 _cCRL
041 _2eng
041 _aeng
084 _qCRL
100 _aFred Sedgwick
_91168866
245 0 _aThinking About Literacy
245 0 _bYoung Children and Their Language
260 _bTaylor and Francis
260 _c1999
365 _a
365 _b205
856 _uhttp://www.taylorfrancis.com/books/9780203979860
942 _cEBOOK
999 _c1804613
_d1804613